000 00813nam a22003017a 4500
001 BR0304758
003 BR-BrBNA
005 20230928101402.0
007 ta
008 230509b bl.||||| |||| 00| 0 por d
040 _aBR-BrBNA
_bpor
_cBiblioteca Nacional de Agricultura
041 _a(Por)
072 _aE71; F60
_b1000
090 _ 1000 BR0304758
100 1 _aGonçalves, A.S.
245 1 _aCitricultura sem sementes no nordeste para exportação
260 3 _aFortaleza, CE (Brasil):
_c2003.
300 _a98 p.
500 _aBibliography p. 93-97; 25 tables; 19 illus.
650 _aFRUTA CÍTRICA
650 _aCITRICULTURA
650 _aFOTOSSÍNTESE
650 _aCRESCIMENTO
650 _aEXPORTAÇÃO
650 _aNORDESTE
909 _a202309
_bLucia
_c55
_dLucia Elande
942 _cBK
999 _c65559
_d65559